000
00250nam a2200097Ia 4500
005
20251222114400.0
008
251222s1900||||xx |||||||||||||| ||spa||
082
_a
DVD0010/G79/2004
245
0
_a
La supremacĂa de Bourne:The Bourne Supremacy
942
_c
DVD
999
_c
1605
_d
1605